Multinational financial management

সংরক্ষণ করুন:
গ্রন্থ-পঞ্জীর বিবরন
প্রধান লেখক: Alan C. Shapiro
বিন্যাস: গ্রন্থ
ভাষা:Undetermined
প্রকাশিত: New York John Wiley & Sons 2003
বিষয়গুলি:
ট্যাগগুলো: ট্যাগ যুক্ত করুন
কোনো ট্যাগ নেই, প্রথমজন হিসাবে ট্যাগ করুন!
Thư viện lưu trữ: Trung tâm Học liệu Trường Đại học Cần Thơ
LEADER 00582nam a2200205Ia 4500
001 CTU_65796
008 210402s9999 xx 000 0 und d
020 |b 509000 
082 |a 658.15 
082 |b S529 
100 |a Alan C. Shapiro 
245 0 |a Multinational financial management 
245 0 |c Alan C. Shapiro 
260 |a New York 
260 |b John Wiley & Sons 
260 |c 2003 
650 |a international finance,banks and banking, international,foreign exchange 
650 |x management 
904 |i Minh 
980 |a Trung tâm Học liệu Trường Đại học Cần Thơ